[Event "Erba op 6th"]
[Site "Erba"]
[Date "2012.03.11"]
[Round "5"]
[White "Gagliardi, Christian"]
[Black "Stips, Felix"]
[Result "1/2-1/2"]
[WhiteElo "2233"]
[BlackElo "2212"]
[PlyCount "71"]
[EventDate "2012.03.09"]
[EventType "swiss"]
[EventRounds "5"]
[EventCountry "ITA"]
[SourceTitle "EXT 2013"]
[Source "ChessBase"]
[SourceDate "2012.11.22"]
[SourceVersion "1"]
[SourceVersionDate "2012.11.22"]
[SourceQuality "1"]

1. e4 d5 2. exd5 Qxd5 3. Nc3 Qd6 4. d4 Nf6 5. Nf3 c6 6. Ne5 Nbd7 7. Nc4 Qc7 8. g3 Nb6 9. Bf4 Qd8 10. Qd2 Nfd5 11. Nxb6 axb6 12. Bg2 Nxf4 13. Qxf4 e6 14. 0-0 Bd6 15. Qe3 0-0 16. Ne4 Be7 17. c4 Ra4 18. b3 Ra5 19. Rfd1 Re8 20. a4 Bb4 21. Rac1 Qe7 22. f4 Rd8 23. Kh1 Bd7 24. Bf3 Be8 25. Kg2 f6 26. Nf2 Bf7 27. Nd3 Bd6 28. Re1 Re8 29. d5 Qc7 30. dxc6 bxc6 31. Be4 g6 32. Qf3 Rc8 33. Qd1 Rd8 34. Qf3 Rc8 35. Qf2 Re8 36. Qf3 1/2-1/2

[Event "Erba op 6th"]
[Site "Erba"]
[Date "2012.03.11"]
[Round "4"]
[White "Medici, Simone"]
[Black "Gagliardi, Christian"]
[Result "1/2-1/2"]
[WhiteElo "2131"]
[BlackElo "2233"]
[PlyCount "86"]
[EventDate "2012.03.09"]
[EventType "swiss"]
[EventRounds "5"]
[EventCountry "ITA"]
[SourceTitle "EXT 2013"]
[Source "ChessBase"]
[SourceDate "2012.11.22"]
[SourceVersion "1"]
[SourceVersionDate "2012.11.22"]
[SourceQuality "1"]

1. d4 g6 2. c4 Bg7 3. Nf3 d6 4. e3 c6 5. b3 Qc7 6. Bb2 Nd7 7. Nbd2 Ngf6 8. Bd3 0-0 9. 0-0 e5 10. Rc1 Re8 11. Qc2 b6 12. Rfe1 Bb7 13. a4 a5 14. Ng5 Rad8 15. f4 exd4 16. exd4 Nf8 17. Ndf3 h6 18. Ne4 Nxe4 19. Bxe4 f5 20. Bd3 c5 21. d5 Bc8 22. h4 Bxb2 23. Qxb2 Qg7 24. Qxg7+ Kxg7 25. Rxe8 Rxe8 26. Re1 Rxe1+ 27. Nxe1 Kf6 28. g3 g5 29. hxg5+ hxg5 30. Kf2 Bd7 31. Be2 Be8 32. Nf3 gxf4 33. gxf4 Nh7 34. Kg3 Bh5 35. Ng1 Be8 36. Nf3 Bh5 37. Ng1 Be8 38. Kh4 Nf8 39. Bh5 Bg6 40. Bxg6 Kxg6 41. Ne2 Nh7 42. Nc3 Nf6 43. Kg3 Ne4+ 1/2-1/2